00582nam a2200205Ia 450000500170000000800410001702000290005804000190008704100120010608200170011824500680013525000130020326000340021630000200025050400320027065000140030265100230031670000270033985000100036620230812104717.0140110s9999 xx 000 0 und d a9788120344112cRs.750.00 aLoreto College aEnglish a910.021bJOH aWorld regional geographycEdited by Douglas L.Jonson...[et.all] a10th ed. aNew DelhibPHI Learningc2012 axxiii,613pbill aIncludes glossary and index aGeography aRegional geography aJohnson,Douglas L.,ed. aLCLIB